000 00499nam a2200121 4500
999 _c13004
_d13004
008 190206b ||||| |||| 00| 0 eng d
082 _aDPer 959.9048 P53p May 2013- April 2014 v. 22-23
245 _aPambansang seguridad:
_bdangal ng pagiging kawal, susi sa paghanga at tiwala ng mamamayan.
260 _aSan Miguel, Manila :
_bOP-Bureau of Communications Services,
_c©May 2013-©Apr 2014.
300 _av23 n2, pages 31-34;
_c23 cm
650 _aArmed forces
_936215
_zPhilippines.
942 _2ddc
_cPER